000 002360000a22001210004500
041 0 _aEspaƱol
082 0 4 _aCD 080
110 1 _aUniversal
245 1 0 _aFiesta infantil / Universal
505 0 0 _aCanciones
001 1190
942 _cLGB
999 _c48364
_d48364